000 00472pab a2200169 454500
008 180718b2011 xxu||||| |||| 00| 0 eng d
100 _aBansod, Dhananjay W.
245 _aStatus, decision-making role and expectations of older person in rural Maharashtra, India
260 _c2011
300 _ap.3-19.
362 _aJun
650 _aOld age - India - Maharastra
650 _aOld age
773 _aAsia-Pacific Population Journal
908 _aN
909 _a97293
999 _c97293
_d97293